00936 2200301 4500001002100000005001500021035002000036007000300056008004100059020002200100082001500122084001700137100004200154245011700196300002500313650003600338700002300374504003300397264003000430336002100460337003000481338002300511040002200534090002200556850001200578999002200590990002200612INLIS00000000087992720230712110126 a0010-0723000298ta230712b2023 sai g ind d a978-979-21-7602-504223a264.36 a264.36 EMM a0 aEmmanuel P.D. MartasudjitaePengarang10aAku, kamu, dan adorasi :bcinta adorasi bagi kehidupan bersama /cEmmanuel P.D. Martasudjita; penyunting, Erdian a104 halaman ;c18 cm04aEkaristi, Doa--xGereja Katolik0 aErdianePenyunting aBibliografi: halaman 103-10431aSleman :bKanisius,c2023 2rdacontentateks 2rdamediaatanpa perantara 2rdacarrieravolume aYOPDYOGbinderda aCB-D.11 2023-1230 aYOPDYOG aCB-D.11/2023-1230 aCB-D.11/2023-1230